| 000 | 00000nam 2200000zi 4500 |
| 001 | 9.954767 |
| 003 | CaOODSP |
| 005 | 20250903140137 |
| 006 | m o d f |
| 007 | cr cn||||||||| |
| 008 | 250903e20241021onc ob f000 0 eng d |
| 043 | |an-cn--- |
| 086 | 1 |aRv55-8/10-13-1-2024E-PDF |
| 245 | 00|aTariff classification of goods. |
| 250 | |a[October 21, 2024 edition]. |
| 264 | 1|aOttawa : |bCanada Border Services Agency = Agence des services frontaliers du Canada, |cOctober 21, 2024. |
| 300 | |a1 online resource (8 unnumbered pages). |
| 336 | |atext|btxt|2rdacontent |
| 337 | |acomputer|bc|2rdamedia |
| 338 | |aonline resource|bcr|2rdacarrier |
| 490 | 1 |aMemorandum, |x2369-2391 ; |vD10-13-1 |
| 500 | |aCaption title. |
| 500 | |aIssued also in French under title: Classement tarifaire des marchandises. |
| 500 | |a"Superseded memoranda D D10-13-1 dated January 6, 2022." |
| 504 | |aIncludes bibliographical references. |
| 520 | |a"This memorandum explains the methodology for classifying goods in the Customs Tariff"--Page [1]. |
| 650 | 0|aTariff|zCanada. |
| 650 | 0|aTariff |vTerminology and classification. |
| 710 | 2 |aCanada Border Services Agency, |eissuing body. |
| 775 | 08|tClassement tarifaire des marchandises.|w(CaOODSP)9.954768 |
| 795 | |tTariff classification of goods.|b[January 6, 2022 edition]|w(CaOODSP)9.912828 |
| 830 | #0|aMemorandum (Canada Border Services Agency)|x2369-2391 ; |vD10-13-1.|w(CaOODSP)9.816825 |
| 856 | 40|qPDF|s233 KB|uhttps://publications.gc.ca/collections/collection_2025/asfc-cbsa/Rv55-8-10-13-1-2024-eng.pdf |
| 040 | |aCaOODSP|beng|erda|cCaOODSP |